00406cam a2200157ua 45000010005000000080039000050400009000440820013000531000032000662450049000982500009001472600035001563000017001916530012002086530028002203116110929n ii |||gr||||Z||||||asm cMAIN a891.45131 aMalik, Syed Abdul,eAuthor.11aPora gaont pahila bohagcby Syed Abdul Malik a1st. aJorhat:bSyed Abdul Malik,986. a146p:c23cm. aFiction aPora gaont pahila bohag